Statistics for bass fishing

Click here to take the quiz!

General Stats

  • This quiz has been taken 180 times
  • The average score is 8 of 15

Answer Stats

HintAnswer% Correct
largemouthbass
90%
uglystick
82%
abugarcia
80%
are you not good at fishingyes
78%
softplastic
72%
rattletrap
72%
googansquad
71%
flyfishing
65%
a lure that is jigged to give the action of a injured baitfishjig
60%
bassmaster
44%
the greatest bass master fisherman everKevin VanDam
33%
baitcaster
32%
fishing bait that you have to work properlylure
22%
are you good at fishingidk
10%
what are the most famus lures everyammomotos
2%

Score Distribution

Percentile by Number Answered

Percent of People with Each Score

Your Score History

You have not taken this quiz